Apolo con el cuchillo en la mano (Record no. 19411)

MARC details
000 -LEADER
campo de control de longitud fija 00948nam a2200277 i 4500
001 - NÚMERO DE CONTROL
campo de control 19411
003 - IDENTIFICADOR DE NÚMERO DE CONTROL
campo de control ES-MaACL
005 - FECHA Y HORA DE LA ÚLTIMA TRANSACCIÓN
campo de control 20250818043441.0
007 - CAMPO FIJO DE DESCRIPCIÓN FÍSICA--INFORMACIÓN GENERAL
campo de control de longitud fija t|
008 - DATOS DE LONGITUD FIJA--INFORMACIÓN GENERAL
campo de control de longitud fija 020716s2001 sp ||||0| spa j
020 ## - NÚMERO INTERNACIONAL ESTÁNDAR DEL LIBRO
Número Internacional Estándar del Libro 84-460-1137-9
040 ## - FUENTE DE CATALOGACIÓN
Centro catalogador/agencia de origen M-BN
Lengua de catalogación spa
Centro/agencia transcriptor M-BN
080 ## - NÚMERO DE LA CLASIFICACIÓN DECIMAL UNIVERSAL
Número de la Clasificación Decimal Universal 292.112.1
100 1# - ENTRADA PRINCIPAL--NOMBRE DE PERSONA
Nombre de persona Detienne, Marcel.
9 (RLIN) 43964
245 10 - MENCIÓN DEL TÍTULO
Título Apolo con el cuchillo en la mano
Resto del título : una aproximación experimental al politeísmo griego /
Mención de responsabilidad, etc. Marcel Detienne ; traducción, Mar Llinares García.
260 ## - PUBLICACIÓN, DISTRIBUCIÓN, ETC.
Lugar de publicación, distribución, etc. Tres Cantos (Madrid) :
Nombre del editor, distribuidor, etc. Akal,
Fecha de publicación, distribución, etc. [2001]
300 ## - DESCRIPCIÓN FÍSICA
Extensión 287 p ;
Dimensiones 22 cm.
490 1# - MENCIÓN DE SERIE
Mención de serie Akal universitaria. Serie interdisciplinar ;
Designación de volumen o secuencia 220
500 ## - NOTA GENERAL
Nota general Indice.
650 17 - PUNTO DE ACCESO ADICIONAL DE MATERIA--TÉRMINO DE MATERIA
Término de materia o nombre geográfico como elemento de entrada Apolo (Divinidad griega)
Fuente del encabezamiento o término embne
9 (RLIN) 9920
700 1# - ENTRADA AGREGADA--NOMBRE PERSONAL
Nombre de persona Llinares García, Mar.
9 (RLIN) 72785
830 00 - PUNTO DE ACCESO ADICIONAL DE SERIE-TÍTULO UNIFORME
Título uniforme Akal universitaria.
Nombre de parte o sección de la obra Interdisciplinar
Designación de volumen o secuencia 220
9 (RLIN) 183236
852 ## - LOCALIZACIÓN
Ubicación ES-MaACL
Número de control de estantería L-25820
Sublocalización o colección R.131110
Holdings
Estatus retirado Estado de pérdida Estado de daño No para préstamo Biblioteca de origen Biblioteca actual Ubicación en estantería Fecha de adquisición Fuente de adquisición Total de préstamos Signatura topográfica completa Código de barras Visto por última vez Precio de reemplazo Tipo de ítem Koha
        Biblioteca del Ateneo de Madrid Biblioteca del Ateneo de Madrid Depósito 2 17/01/2008     L-25820 1019861 23/02/2023 23/02/2023 Libro impreso